| 000 | 00492nam a22001817a 4500 | ||
|---|---|---|---|
| 003 | NUST - PNEC | ||
| 005 | 20170116180850.0 | ||
| 008 | 150825b xxu||||| |||| 00| 0 eng d | ||
| 020 | _a1566761549 | ||
| 020 | _a9781566761543 | ||
| 040 | _cLIBRARY | ||
| 082 | _a620.44 STR | ||
| 100 |
_95650 _aStrafford, Ken N. |
||
| 245 |
_aSurface engineering processes and applications _cKen N. Strafford |
||
| 260 |
_bTechnomic _cc1995. |
||
| 650 |
_95652 _aSurface engineering _xME |
||
| 942 |
_2ddc _cBK |
||
| 999 |
_c64582 _d64582 |
||